00349nam a22001337a 4500003000400000008004100004020001800045100002200063245003600085250002800121260003900149300000900188650001800197OSt210303b ||||| |||| 00| 0 eng d a9788190078849 aMUKHERJEE,Pulok K aQuality Control of Herbal Drugs a1st Ed. and 6th Reprint aNew DelhibBusiness Horizonsc2018 a2018 aPharmacognosy